[Event "Ilam Alamto Cup 3rd"]
[Site "Ilam"]
[Date "2024.12.08"]
[Round "3"]
[White "Lomsadze, David"]
[Black "Ghadi Sahebi, Hosein"]
[Result "0-1"]
[WhiteElo "2264"]
[BlackElo "1976"]
[PlyCount "80"]
[EventDate "2024.12.07"]
[EventType "swiss"]
[EventRounds "9"]
[EventCountry "IRI"]
[SourceTitle "CB51_2024"]
[SourceDate "2024.12.18"]
[SourceVersion "1"]
[SourceVersionDate "2024.12.18"]
[SourceQuality "1"]

1. e4 c5 2. c4 d6 3. Nc3 Nf6 4. g3 Nc6 5. Bg2 e5 6. Nge2 Be7 7. 0-0 Be6 8. d3 Qd7 9. Nd5 Nd4 10. Nxd4 cxd4 11. Nxf6+ Bxf6 12. f4 Qc6 13. b4 b5 14. cxb5 Qxb5 15. a4 Qxb4 16. Ba3 Qb6 17. a5 Qa6 18. Qa4+ Bd7 19. Qb4 Ke7 20. Qd2 h6 21. Qe2 Rac8 22. Bb4 Rb8 23. Rab1 Rb5 24. Qa2 Be6 25. Qa3 Rhb8 26. Rfc1 Ke8 27. Bf1 Bd8 28. Qa4 Bd7 29. Qa3 R8b7 30. Rc4 Rxa5 31. Qc1 Rab5 32. fxe5 dxe5 33. Ra1 Qe6 34. Bd2 Qb6 35. Qd1 Rb1 36. Rxb1 Qxb1 37. Qh5 Bf6 38. Bxh6 gxh6 39. Qxh6 Ke7 40. h4 Qe1 0-1

[Event "TUR-chT 2nd League"]
[Site "Denizli"]
[Date "2024.07.18"]
[Round "5.6"]
[White "Oktem, Ege Tuna"]
[Black "Lomsadze, David"]
[Result "1/2-1/2"]
[WhiteElo "2228"]
[BlackElo "2243"]
[PlyCount "139"]
[EventDate "2024.07.15"]
[EventType "team-swiss"]
[EventRounds "9"]
[EventCountry "TUR"]
[SourceTitle "EXT 2025"]
[Source "ChessBase"]
[SourceDate "2024.10.14"]
[SourceVersion "1"]
[SourceVersionDate "2024.10.14"]
[SourceQuality "1"]
[WhiteTeam "Ankara DSI Genclik"]
[BlackTeam "Ortaca Belediye"]
[WhiteTeamCountry "TUR"]
[BlackTeamCountry "TUR"]

1. e4 g6 2. d4 Bg7 3. Nc3 d6 4. f4 a6 5. Nf3 Bg4 6. Be3 e6 7. Be2 Ne7 8. Qd2 Bxf3 9. Bxf3 d5 10. e5 Nf5 11. Bf2 Nh4 12. Bxh4 Qxh4+ 13. g3 Qe7 14. Ne2 c5 15. dxc5 Qxc5 16. Nd4 Nc6 17. c3 Rc8 18. Nb3 Qb6 19. Qf2 Qxf2+ 20. Kxf2 g5 21. Rhe1 gxf4 22. gxf4 Bh6 23. Kg3 Rg8+ 24. Bg4 Ne7 25. Rad1 Rc4 26. Nd4 Nf5+ 27. Kh3 Nxd4 28. Rxd4 Rxd4 29. cxd4 Bxf4 30. Re2 Rg6 31. Bh5 Rg5 32. Kh4 h6 33. Rf2 Be3 34. Rf6 Bxd4 35. Rxe6+ Kf8 36. Rf6 Rg7 37. Rxh6 Bxb2 38. Rb6 Bxe5 39. Rxb7 Bxh2 40. Rd7 Bg3+ 41. Kh3 Be1 42. Rxd5 Rg3+ 43. Kh2 Rc3 44. Rf5 Rc7 45. Kg2 Bc3 46. Be2 a5 47. a4 f6 48. Bb5 Ke7 49. Rf4 Kd6 50. Rc4 Rg7+ 51. Kf3 Be5 52. Rc6+ Kd5 53. Ra6 Bc3 54. Rc6 Rh7 55. Kg4 Bd4 56. Ra6 Ke4 57. Bc6+ Ke3 58. Rxa5 Rg7+ 59. Kh3 Rc7 60. Ba8 Kf4 61. Rb5 f5 62. Rb4 Rh7+ 63. Kg2 Rg7+ 64. Kf1 Ke3 65. Bg2 f4 66. a5 Rc7 67. Rb3+ Kd2 68. Be4 Rc1+ 69. Kg2 Rg1+ 70. Kh2 1/2-1/2

[Event "TUR-chT 2nd League"]
[Site "Denizli"]
[Date "2024.07.15"]
[Round "1.3"]
[White "Lomsadze, David"]
[Black "Lorparizangeneh, Shahin"]
[Result "1-0"]
[WhiteElo "2243"]
[BlackElo "2473"]
[PlyCount "86"]
[EventDate "2024.07.15"]
[EventType "team-swiss"]
[EventRounds "9"]
[EventCountry "TUR"]
[SourceTitle "EXT 2025"]
[Source "ChessBase"]
[SourceDate "2024.10.14"]
[SourceVersion "1"]
[SourceVersionDate "2024.10.14"]
[SourceQuality "1"]
[WhiteTeam "Ortaca Belediye"]
[BlackTeam "Goztepe"]
[WhiteTeamCountry "TUR"]
[BlackTeamCountry "TUR"]

1. Nf3 c5 2. g3 g6 3. Bg2 Bg7 4. 0-0 Nc6 5. d3 d6 6. c4 e6 7. Nc3 Nge7 8. Bd2 h6 9. Rb1 b6 10. a3 Bb7 11. b4 Qd7 12. Qc1 g5 13. e4 Ng6 14. Ne2 g4 15. Ne1 h5 16. Bc3 Nce5 17. Nf4 Qe7 18. Nxg6 fxg6 19. f4 Nc6 20. Bxg7 Qxg7 21. Qb2 e5 22. Nc2 h4 23. b5 Ne7 24. Ne3 hxg3 25. hxg3 0-0-0 26. Nxg4 Rh5 27. Qf2 Rf8 28. Qe3 Rfh8 29. fxe5 dxe5 30. Nf6 Rh2 31. Qg5 Ng8 32. Ne8 Qe7 33. Qxe7 Nxe7 34. Nd6+ Kc7 35. Nf7 R8h5 36. g4 Rh7 37. Nxe5 R2h4 38. Rf6 Bc8 39. Rbf1 Bxg4 40. R1f4 Bd7 41. Rxh4 Rxh4 42. Rf7 Kd6 43. Rxe7 Bc8 1-0

[Event "Gaprindashvili Cup 3rd"]
[Site "Tornelo INT"]
[Date "2020.11.12"]
[Round "1.2"]
[White "Lomsadze, David"]
[Black "Pantsulaia, Levan"]
[Result "0-1"]
[WhiteElo "2303"]
[BlackElo "2553"]
[PlyCount "92"]
[EventDate "2020.11.12"]
[EventType "k.o. (rapid)"]
[EventRounds "4"]
[EventCountry "GEO"]
[SourceTitle "CBM 199 Extra"]
[Source "ChessBase"]
[SourceDate "2021.01.31"]
[SourceVersion "1"]
[SourceVersionDate "2021.01.31"]
[SourceQuality "1"]

1. d4 Nf6 2. c4 c5 3. d5 g6 4. Nc3 Bg7 5. e4 d6 6. Bd3 0-0 7. f4 e6 8. Nf3 exd5 9. cxd5 Bg4 10. h3 Bxf3 11. Qxf3 Nbd7 12. 0-0 Qc7 13. Be3 a6 14. a4 Rfe8 15. Kh1 Re7 16. Rae1 Rae8 17. Bb1 Qb8 18. Bd3 Qc7 19. Bf2 Rb8 20. Bh4 c4 21. Bb1 b5 22. axb5 axb5 23. e5 dxe5 24. Ne4 Nxd5 25. f5 Rbe8 26. Rd1 N7f6 27. Rxd5 Nxd5 28. f6 Rd7 29. fxg7 f5 30. g4 f4 31. Nf6+ Nxf6 32. Bxf6 Rd6 33. g5 Qb6 34. Be4 Rxf6 35. gxf6 Qxf6 36. Bc6 Rd8 37. Bxb5 Qe6 38. Rc1 Rd4 39. b3 Kxg7 40. bxc4 e4 41. Qg4 Qe5 42. c5 f3 43. c6 Rd2 44. Qd7+ Rxd7 45. cxd7 Qd6 46. Ba4 e3 0-1

[Event "Gaprindashvili Cup op 2nd"]
[Site "Tornelo INT"]
[Date "2020.11.08"]
[Round "2"]
[White "Paichadze, Luka"]
[Black "Lomsadze, David"]
[Result "1-0"]
[WhiteElo "2565"]
[BlackElo "2303"]
[PlyCount "95"]
[EventDate "2020.11.08"]
[EventType "swiss (rapid)"]
[EventRounds "9"]
[EventCountry "GEO"]
[SourceTitle "CBM 199 Extra"]
[Source "ChessBase"]
[SourceDate "2021.01.31"]
[SourceVersion "1"]
[SourceVersionDate "2021.01.31"]
[SourceQuality "1"]

1. e4 e5 2. Nc3 Nf6 3. g3 d5 4. exd5 Nxd5 5. Bg2 Nxc3 6. bxc3 Bd6 7. d3 0-0 8. Nf3 Nc6 9. 0-0 Bg4 10. h3 Bh5 11. Qe1 f5 12. Nd2 f4 13. g4 Bf7 14. Qe2 Qd7 15. a4 b6 16. Bb2 Rae8 17. c4 Ne7 18. Nf3 Ng6 19. a5 Qe7 20. axb6 axb6 21. Rfe1 Nh4 22. Nxh4 Qxh4 23. Ba3 h5 24. Bxd6 cxd6 25. Rab1 Be6 26. f3 hxg4 27. hxg4 Rb8 28. Qf2 Qd8 29. Rb2 Rf7 30. Reb1 Rfb7 31. Bf1 Qc7 32. c3 g5 33. Rb4 Kg7 34. d4 Bf7 35. Bd3 d5 36. dxe5 Qxe5 37. cxd5 Qxc3 38. Be4 Rd7 39. R4b3 Qf6 40. Rxb6 Rxb6 41. Rxb6 Rd6 42. Rb7 Qa1+ 43. Kg2 Kf6 44. Qc5 Qa2+ 45. Kg1 Qa1+ 46. Kg2 Qa2+ 47. Kh3 Rxd5 48. Qe7+ 1-0

[Event "Tbilisi Gaprindashvili Cup"]
[Site "Tbilisi"]
[Date "2019.09.26"]
[Round "6"]
[White "Lomsadze, David"]
[Black "Magalashvili, Davit"]
[Result "1-0"]
[WhiteElo "2304"]
[BlackElo "2500"]
[PlyCount "89"]
[EventDate "2019.09.21"]
[EventType "swiss"]
[EventRounds "9"]
[EventCountry "GEO"]
[SourceTitle "EXT 2020"]
[Source "ChessBase"]
[SourceDate "2019.10.17"]
[SourceVersion "1"]
[SourceVersionDate "2019.10.17"]
[SourceQuality "1"]

1. g3 d5 2. Bg2 c5 3. Nf3 g6 4. d4 cxd4 5. Nxd4 Bg7 6. 0-0 e5 7. Nb3 Ne7 8. Nc3 d4 9. Na4 0-0 10. c3 Nbc6 11. cxd4 exd4 12. Nac5 a5 13. Nd2 b6 14. Nd3 Nd5 15. Nf3 Ba6 16. Bg5 Qd7 17. Rc1 Rfe8 18. Re1 Rac8 19. a3 h6 20. Bd2 Na7 21. h4 Rxc1 22. Bxc1 Bb5 23. Nf4 Bc4 24. Bh3 Qd8 25. Nd3 Nb5 26. Bf4 Nxf4 27. Nxf4 Qe7 28. a4 Nc7 29. b3 Ba6 30. Nxd4 Qb4 31. Nc6 Qc3 32. Bd7 Re4 33. e3 Bb7 34. Re2 Bxc6 35. Rc2 Qxb3 36. Bxc6 Re5 37. Bf3 Ne8 38. Bd5 Qb4 39. Rc8 Kf8 40. Bc6 g5 41. hxg5 hxg5 42. Qd8 Qe7 43. Qxe7+ Kxe7 44. Rxe8+ Kd6 45. Nd3 1-0

[Event "TUR-chT 2nd League"]
[Site "Konya"]
[Date "2019.07.24"]
[Round "4.1"]
[White "Ozsakallioglu, Okan"]
[Black "Lomsadze, David"]
[Result "1/2-1/2"]
[WhiteElo "2243"]
[BlackElo "2292"]
[PlyCount "108"]
[EventDate "2019.07.22"]
[EventType "team-swiss"]
[EventRounds "9"]
[EventCountry "TUR"]
[SourceTitle "CBM 191 Extra"]
[Source "ChessBase"]
[SourceDate "2019.09.30"]
[SourceVersion "1"]
[SourceVersionDate "2019.09.30"]
[SourceQuality "1"]
[WhiteTeam "Koroglu Dernegi"]
[BlackTeam "Mugla Ortaca Belediye"]
[WhiteTeamCountry "TUR"]
[BlackTeamCountry "TUR"]

1. e4 e5 2. Nf3 Nc6 3. Bb5 Bc5 4. 0-0 Nd4 5. Nxd4 Bxd4 6. c3 Bb6 7. Qg4 Qf6 8. d4 exd4 9. cxd4 c6 10. Ba4 d6 11. Qg3 Bxd4 12. Nc3 Ne7 13. Bg5 Qg6 14. Rad1 Bxc3 15. bxc3 h6 16. Bf4 Qxg3 17. Bxg3 Be6 18. Bb3 d5 19. exd5 cxd5 20. Ba4+ Bd7 21. Bb3 0-0-0 22. c4 Bc6 23. cxd5 Nxd5 24. Rc1 Rhe8 25. Rfd1 Nc3 26. Rxd8+ Kxd8 27. Bc4 Ne2+ 28. Bxe2 Rxe2 29. a3 Ke7 30. h3 Rd2 31. Bb8 a6 32. Rc3 h5 33. Ba7 g6 34. Kh2 Ke6 35. Kg3 Kd5 36. Be3 Rd1 37. Kf4 Rh1 38. Kg3 Rg1 39. f3 Rd1 40. h4 Ra1 41. Kf4 Ke6 42. Ba7 Ra2 43. g4 Ra1 44. Re3+ Kd5 45. gxh5 gxh5 46. Kg5 Rg1+ 47. Kxh5 Rg3 48. Kh6 Kc4 49. f4 Rxe3 50. Bxe3 Kd3 51. Bc5 Ke4 52. Bd6 Kf5 53. Kg7 Bf3 54. Kxf7 b5 1/2-1/2

[Event "TUR-chT 2nd League"]
[Site "Konya"]
[Date "2019.07.23"]
[Round "2.6"]
[White "Semiev, Suhrab"]
[Black "Lomsadze, David"]
[Result "1/2-1/2"]
[WhiteElo "2282"]
[BlackElo "2292"]
[PlyCount "90"]
[EventDate "2019.07.22"]
[EventType "team-swiss"]
[EventRounds "9"]
[EventCountry "TUR"]
[SourceTitle "CBM 191 Extra"]
[Source "ChessBase"]
[SourceDate "2019.09.30"]
[SourceVersion "1"]
[SourceVersionDate "2019.09.30"]
[SourceQuality "1"]
[WhiteTeam "Istanbul Sisli"]
[BlackTeam "Mugla Ortaca Belediye"]
[WhiteTeamCountry "TUR"]
[BlackTeamCountry "TUR"]

1. d4 Nf6 2. g3 c5 3. d5 e6 4. c4 exd5 5. cxd5 b5 6. Bg2 d6 7. e4 Nbd7 8. Ne2 Be7 9. 0-0 0-0 10. a4 b4 11. h3 Re8 12. g4 Ba6 13. g5 Nh5 14. Bf3 Bxg5 15. Bxh5 Bxc1 16. Qxc1 g6 17. Bf3 Ne5 18. Qf4 Qg5+ 19. Bg2 Qxf4 20. Nxf4 Bxf1 21. Kxf1 c4 22. Nd2 c3 23. bxc3 bxc3 24. Nf3 Nc4 25. Ne2 c2 26. Nfd4 Nd2+ 27. Ke1 Nxe4 28. Nxc2 Rab8 29. Ne3 Rb2 30. Rc1 Nc5 31. Ra1 Rb4 32. Nc3 f5 33. Kf1 f4 34. Ng4 Kg7 35. Nh2 Rc4 36. Nb5 Rc2 37. Bf3 a6 38. Nxd6 Rd8 39. Ne4 Rxd5 40. Rb1 h5 41. Rb6 Rc1+ 42. Kg2 Nxe4 43. Bxe4 Re5 44. Rxg6+ Kf7 45. Rc6 Rec5 1/2-1/2

[Event "Poti op 14th"]
[Site "Poti"]
[Date "2019.07.20"]
[Round "9"]
[White "Lomsadze, David"]
[Black "Pantsulaia, Levan"]
[Result "0-1"]
[WhiteElo "2292"]
[BlackElo "2612"]
[PlyCount "66"]
[EventDate "2019.07.13"]
[EventType "swiss"]
[EventRounds "9"]
[EventCountry "GEO"]
[SourceTitle "EXT 2020"]
[Source "ChessBase"]
[SourceDate "2019.10.17"]
[SourceVersion "1"]
[SourceVersionDate "2019.10.17"]
[SourceQuality "1"]

1. Nf3 c5 2. g3 g6 3. Bg2 Bg7 4. 0-0 Nc6 5. d3 e6 6. Nc3 Nge7 7. a3 0-0 8. Rb1 b6 9. Bd2 a5 10. Qc1 d5 11. Bh6 Rb8 12. Bxg7 Kxg7 13. Nb5 Ba6 14. c4 Nf5 15. Qf4 Bxb5 16. cxb5 Ncd4 17. Nxd4 Nxd4 18. Rfe1 Nxb5 19. e4 dxe4 20. dxe4 a4 21. Rbd1 Nd4 22. Rd2 Qf6 23. Qe3 e5 24. f4 Rfe8 25. Rf1 Re7 26. h4 exf4 27. Rxf4 Qe5 28. Rdf2 b5 29. g4 b4 30. g5 bxa3 31. bxa3 c4 32. Bf1 Rb3 33. Qc1 Rg3+ 0-1

[Event "Poti op 14th"]
[Site "Poti"]
[Date "2019.07.19"]
[Round "8"]
[White "Nikoladze, Sopio"]
[Black "Lomsadze, David"]
[Result "0-1"]
[WhiteElo "2124"]
[BlackElo "2292"]
[PlyCount "128"]
[EventDate "2019.07.13"]
[EventType "swiss"]
[EventRounds "9"]
[EventCountry "GEO"]
[SourceTitle "EXT 2020"]
[Source "ChessBase"]
[SourceDate "2019.10.17"]
[SourceVersion "1"]
[SourceVersionDate "2019.10.17"]
[SourceQuality "1"]

1. c4 Nf6 2. Nc3 g6 3. g3 Bg7 4. Bg2 0-0 5. e3 d6 6. Nge2 Nbd7 7. Rb1 Ne5 8. d3 Rb8 9. f4 Ned7 10. b4 c6 11. 0-0 e5 12. b5 exf4 13. gxf4 Re8 14. h3 d5 15. bxc6 bxc6 16. Rxb8 Nxb8 17. cxd5 Nxd5 18. Nxd5 cxd5 19. Ng3 Nd7 20. Qb3 Qh4 21. Rf3 Nf6 22. Nf1 Be6 23. Qa3 Rc8 24. Bd2 Bf5 25. Qa5 Bxd3 26. Be1 Qh6 27. Qxa7 Be4 28. Rf2 Bf5 29. Rb2 Bxh3 30. Rb8 Rxb8 31. Qxb8+ Bf8 32. Bb4 Nd7 33. Qd8 Bxg2 34. Kxg2 Qh5 35. Ng3 Qd1 36. a3 Qc2+ 37. Kf3 Qc6 38. Kf2 Kg7 39. Bxf8+ Nxf8 40. Ne2 Ne6 41. Qb8 Qc4 42. Qe5+ Kf8 43. Qb8+ Ke7 44. Qb7+ Ke8 45. Qb8+ Kd7 46. Qb7+ Nc7 47. Nd4 Qa4 48. Nf3 Qc2+ 49. Kg3 Qc5 50. Kf2 Qc2+ 51. Kg3 Qc3 52. Kf2 Ke7 53. Qc8 Qc2+ 54. Kg3 Qc5 55. a4 Ne6 56. Qb7+ Kf8 57. Qb8+ Kg7 58. Qb2+ f6 59. Qb7+ Kh6 60. Qb3 Qc4 61. Nd2 Qe2 62. Qc3 Ng7 63. Kh3 Nf5 64. Nb3 Qf2 0-1

[Event "Poti op 14th"]
[Site "Poti"]
[Date "2019.07.17"]
[Round "6"]
[White "Gharibyan, Mamikon"]
[Black "Lomsadze, David"]
[Result "1-0"]
[WhiteElo "2350"]
[BlackElo "2292"]
[PlyCount "115"]
[EventDate "2019.07.13"]
[EventType "swiss"]
[EventRounds "9"]
[EventCountry "GEO"]
[SourceTitle "EXT 2020"]
[Source "ChessBase"]
[SourceDate "2019.10.17"]
[SourceVersion "1"]
[SourceVersionDate "2019.10.17"]
[SourceQuality "1"]

1. d4 Nf6 2. c4 c5 3. d5 e5 4. Nc3 d6 5. e4 Be7 6. Bd3 Nbd7 7. h4 h5 8. g3 a6 9. Nh3 g6 10. f3 Kf8 11. Be3 Kg7 12. Qd2 Nf8 13. a3 b6 14. b4 Ne8 15. Ke2 Bd7 16. Rab1 Nc7 17. bxc5 dxc5 18. a4 Rb8 19. Nf2 a5 20. f4 Bf6 21. f5 Na6 22. g4 Bxh4 23. gxh5 Rxh5 24. Ng4 Nb4 25. Rbg1 f6 26. Bh6+ Kf7 27. Bxf8 Qxf8 28. fxg6+ Kg7 29. Ne3 Qh8 30. Nf5+ Bxf5 31. exf5 Bg5 32. Qe1 e4 33. Bxe4 Re8 34. Kd1 Re5 35. Qg3 Qh6 36. Rxh5 Qxh5+ 37. Bf3 Qh8 38. Rh1 Bh6 39. Be4 Na6 40. Ke2 b5 41. cxb5 Nb4 42. Kf3 Nc2 43. d6 Nd4+ 44. Kf2 Nxf5 45. Qg4 Qd8 46. Bxf5 Qxd6 47. Rd1 Bd2 48. Ne4 Qd5 49. Rxd2 Rxf5+ 50. Kg2 Qe6 51. Qh4 Kxg6 52. Qg3+ Kh6 53. Qh3+ Kg6 54. Ng3 Re5 55. Qxe6 Rxe6 56. Kf3 Re1 57. Ne4 c4 58. Rc2 1-0

[Event "Poti op 14th"]
[Site "Poti"]
[Date "2019.07.15"]
[Round "4"]
[White "Gabuzyan, Hovhannes"]
[Black "Lomsadze, David"]
[Result "1-0"]
[WhiteElo "2622"]
[BlackElo "2292"]
[PlyCount "83"]
[EventDate "2019.07.13"]
[EventType "swiss"]
[EventRounds "9"]
[EventCountry "GEO"]
[SourceTitle "EXT 2020"]
[Source "ChessBase"]
[SourceDate "2019.10.17"]
[SourceVersion "1"]
[SourceVersionDate "2019.10.17"]
[SourceQuality "1"]

1. c4 Nf6 2. Nc3 g6 3. g3 Bg7 4. Bg2 d6 5. e4 c5 6. Nge2 Nc6 7. d3 0-0 8. 0-0 Ne8 9. Be3 Nd4 10. Rb1 a5 11. Qd2 Bg4 12. f3 Bd7 13. a4 Nxe2+ 14. Qxe2 Nc7 15. f4 Ne6 16. Nb5 Bxb5 17. axb5 Nd4 18. Qf2 Ra7 19. Rbe1 a4 20. e5 Nf5 21. Bc1 dxe5 22. fxe5 Qd4 23. Bf4 b6 24. Be4 Qxf2+ 25. Rxf2 Nd4 26. Ra1 e6 27. g4 f6 28. exf6 Bxf6 29. Bd6 Rff7 30. Bb8 Nb3 31. Rxf6 Rxf6 32. Bxa7 Nxa1 33. Bxb6 Nb3 34. Bc7 Rf7 35. b6 Na5 36. g5 Rd7 37. Kf2 Kf8 38. Ke3 Ke7 39. Kf4 Rxc7 40. bxc7 Kd7 41. Ke5 Kxc7 42. Kf6 1-0

[Event "Batumi Municipality Cup"]
[Site "Batumi"]
[Date "2019.07.03"]
[Round "2"]
[White "Quparadze, Giga"]
[Black "Lomsadze, David"]
[Result "0-1"]
[WhiteElo "2499"]
[BlackElo "2292"]
[PlyCount "116"]
[EventDate "2019.07.02"]
[EventType "swiss"]
[EventRounds "9"]
[EventCountry "GEO"]
[SourceTitle "CBM 191 Extra"]
[Source "ChessBase"]
[SourceDate "2019.09.30"]
[SourceVersion "1"]
[SourceVersionDate "2019.09.30"]
[SourceQuality "1"]

1. e4 e5 2. Bc4 Nc6 3. d3 Nf6 4. Nc3 Na5 5. Nge2 Be7 6. 0-0 0-0 7. a3 Nxc4 8. dxc4 c6 9. Qd3 d6 10. Bg5 Ne8 11. Bxe7 Qxe7 12. Ng3 Be6 13. Rad1 Rd8 14. b3 Qg5 15. Qe3 Qxe3 16. fxe3 g6 17. Rd3 b6 18. Rfd1 f6 19. a4 a5 20. Nb1 Rf7 21. Na3 Ra7 22. Rc3 Rda8 23. h3 Kf8 24. Rcd3 Rd7 25. Nb1 Ke7 26. Nc3 Nc7 27. R3d2 Rad8 28. Rf1 d5 29. cxd5 cxd5 30. exd5 Nxd5 31. Nxd5+ Rxd5 32. Rdf2 Rd2 33. Ne4 Rxf2 34. Rxf2 Rd1+ 35. Kh2 f5 36. Ng5 Re1 37. Nxh7 Rxe3 38. Ng5 Bd5 39. Rd2 Bc6 40. h4 f4 41. Kg1 Rg3 42. Re2 Kf6 43. Ne4+ Bxe4 44. Rxe4 Rc3 45. Re2 Kf5 46. Rd2 Rc6 47. c4 e4 48. Rd5+ Kg4 49. Kf2 e3+ 50. Ke2 Kg3 51. h5 gxh5 52. Rg5+ Kh4 53. Rg7 Rd6 54. Kf3 Rd1 55. Rg6 Rf1+ 56. Ke2 Rf2+ 57. Kd1 Rb2 58. Rf6 Kg3 0-1

[Event "Cesme op-A 7th"]
[Site "Cesme"]
[Date "2019.06.29"]
[Round "8"]
[White "Lomsadze, David"]
[Black "Mammadov, Zaur Fazahir Oglu"]
[Result "0-1"]
[WhiteElo "2292"]
[BlackElo "2428"]
[PlyCount "38"]
[EventDate "2019.06.24"]
[EventType "swiss"]
[EventRounds "9"]
[EventCountry "TUR"]
[SourceTitle "CBM 191 Extra"]
[Source "ChessBase"]
[SourceDate "2019.09.30"]
[SourceVersion "1"]
[SourceVersionDate "2019.09.30"]
[SourceQuality "1"]

1. Nf3 d5 2. g3 Nf6 3. Bg2 g6 4. 0-0 Bg7 5. d3 0-0 6. Nc3 Nbd7 7. a3 a5 8. Rb1 e5 9. e4 dxe4 10. dxe4 b6 11. Re1 Bb7 12. Nd2 Nc5 13. Nc4 Qxd1 14. Rxd1 Ncxe4 15. Nxe5 Nxc3 16. bxc3 Bxg2 17. Kxg2 Ne4 18. Re1 Nxc3 19. Rb3 Na4 0-1

[Event "Cesme op-A 7th"]
[Site "Cesme"]
[Date "2019.06.27"]
[Round "6"]
[White "Lomsadze, David"]
[Black "Bashirov, Teymur"]
[Result "1/2-1/2"]
[WhiteElo "2292"]
[BlackElo "2238"]
[PlyCount "76"]
[EventDate "2019.06.24"]
[EventType "swiss"]
[EventRounds "9"]
[EventCountry "TUR"]
[SourceTitle "CBM 191 Extra"]
[Source "ChessBase"]
[SourceDate "2019.09.30"]
[SourceVersion "1"]
[SourceVersionDate "2019.09.30"]
[SourceQuality "1"]

1. Nf3 b6 2. g3 Bb7 3. Bg2 g6 4. 0-0 Bg7 5. d3 e6 6. e4 Ne7 7. c3 0-0 8. h4 h6 9. Be3 d6 10. Nbd2 Nd7 11. Re1 c5 12. Nf1 d5 13. Qc1 Kh7 14. N1h2 e5 15. Ng4 h5 16. Ng5+ Kg8 17. Nh2 d4 18. Bd2 Rc8 19. c4 Nf6 20. Qd1 Qc7 21. f4 Nd7 22. f5 gxf5 23. Qxh5 Nf6 24. Qe2 Rce8 25. Rf1 Bc8 26. Rf2 fxe4 27. dxe4 Qd6 28. Raf1 d3 29. Qd1 Nc6 30. Bc3 Rd8 31. Kh1 Qe7 32. Rd2 Nd4 33. Rxd3 Ba6 34. b3 b5 35. Bxd4 cxd4 36. Ng4 Nxg4 37. Qxg4 f6 38. Ne6 Rd5 1/2-1/2

[Event "Cesme op-A 7th"]
[Site "Cesme"]
[Date "2019.06.26"]
[Round "5"]
[White "Kamer, Kayra"]
[Black "Lomsadze, David"]
[Result "0-1"]
[WhiteElo "2353"]
[BlackElo "2292"]
[PlyCount "142"]
[EventDate "2019.06.24"]
[EventType "swiss"]
[EventRounds "9"]
[EventCountry "TUR"]
[SourceTitle "CBM 191 Extra"]
[Source "ChessBase"]
[SourceDate "2019.09.30"]
[SourceVersion "1"]
[SourceVersionDate "2019.09.30"]
[SourceQuality "1"]

1. e4 e5 2. Nf3 Nc6 3. Nc3 Nf6 4. Bb5 Bd6 5. d3 a6 6. Bxc6 dxc6 7. Bg5 h6 8. Bh4 Qe7 9. h3 g5 10. Bg3 c5 11. Qd2 c6 12. Na4 Bc7 13. Qc3 Nd7 14. b3 b5 15. Nb2 f6 16. Qd2 Nf8 17. h4 Rg8 18. hxg5 hxg5 19. Nh2 Ng6 20. Nf1 Nf4 21. Ne3 Be6 22. a4 0-0-0 23. axb5 axb5 24. 0-0 Kb7 25. c4 Ra8 26. Rfc1 Rxa1 27. Rxa1 Bb6 28. Nbd1 Qd7 29. cxb5 cxb5 30. Nc3 b4 31. Ncd5 Nxd5 32. exd5 Bxd5 33. Qa2 Kc7 34. f3 Be6 35. Qa6 Bxb3 36. Bf2 Rd8 37. d4 Qxd4 38. Rd1 Bxd1 39. Nc4 Rb8 40. Bxd4 exd4 41. Nb2 Bb3 42. Qd3 Bd5 43. Qh7+ Kc6 44. Qe7 Ra8 45. Qxf6+ Kb5 46. Qxg5 Rd8 47. Kf1 c4 48. Ke2 b3 49. Kd1 c3 50. Nd3 Rd6 51. Qe7 b2 52. Kc2 Bc5 53. Qe8+ Rc6 54. Ne5 Bd6 55. Nxc6 Bxc6 56. Qe2+ Kb4 57. Qa6 Ba4+ 58. Kb1 Bc5 59. Ka2 Bb3+ 60. Kb1 Bc4 61. Qb7+ Bb5 62. Qe4 Kb3 63. Qc2+ Ka3 64. Qf5 Kb4 65. Qe4 Bc4 66. Qb7+ Ka4 67. Kc2 Bb5 68. f4 Kb4 69. Qe4 Ka3 70. Qf3 d3+ 71. Kxc3 b1Q 0-1

[Event "Ghaem Cup 1st"]
[Site "Qaem Shahr"]
[Date "2019.04.22"]
[Round "4"]
[White "Lomsadze, David"]
[Black "Alinasab, Mobina"]
[Result "1-0"]
[WhiteElo "2288"]
[BlackElo "2215"]
[PlyCount "59"]
[EventDate "2019.04.20"]
[EventType "swiss"]
[EventRounds "9"]
[EventCountry "IRI"]
[SourceTitle "CBM 190 Extra"]
[Source "ChessBase"]
[SourceDate "2019.07.15"]
[SourceVersion "1"]
[SourceVersionDate "2019.07.15"]
[SourceQuality "1"]

1. Nf3 Nf6 2. g3 b6 3. Bg2 Bb7 4. 0-0 e6 5. d3 Be7 6. e4 d5 7. e5 Nfd7 8. Re1 c5 9. Nbd2 Nc6 10. Nf1 Qc7 11. Bf4 h6 12. h4 0-0-0 13. Ne3 Rdg8 14. Nxd5 exd5 15. e6 Bd6 16. Bxd6 Qxd6 17. exd7+ Qxd7 18. d4 c4 19. Qd2 Re8 20. Qf4 f6 21. c3 Kd8 22. h5 Rxe1+ 23. Rxe1 Re8 24. Re3 Rxe3 25. fxe3 Ne7 26. Nh4 Qa4 27. Qg4 Qxa2 28. Qxg7 Qa1+ 29. Kh2 Qxb2 30. Qxh6 1-0

[Event "Karoun Masters Cup 6th"]
[Site "Ahvaz"]
[Date "2019.02.25"]
[Round "6"]
[White "Lomsadze, David"]
[Black "Gholami Orimi, Mahdi"]
[Result "1/2-1/2"]
[WhiteElo "2286"]
[BlackElo "2375"]
[PlyCount "133"]
[EventDate "2019.02.21"]
[EventType "swiss"]
[EventRounds "9"]
[EventCountry "IRI"]
[SourceTitle "CBM 189 Extra"]
[Source "ChessBase"]
[SourceDate "2019.05.31"]
[SourceVersion "1"]
[SourceVersionDate "2019.05.31"]
[SourceQuality "1"]

1. e4 e5 2. Nf3 Nc6 3. Nc3 g6 4. d4 exd4 5. Nxd4 Bg7 6. Be3 d6 7. Be2 Nf6 8. 0-0 Qe7 9. Nxc6 bxc6 10. Bf3 0-0 11. Rb1 a5 12. Re1 Nd7 13. Bd4 Ne5 14. Be2 c5 15. Nd5 Qd8 16. Bc3 Bb7 17. f4 Nd7 18. Bxg7 Kxg7 19. Bf3 Rb8 20. Nc3 Re8 21. Qd2 Nf8 22. b3 Bc6 23. Rbd1 Rb4 24. Nd5 Bxd5 25. Qc3+ Kg8 26. exd5 Rxe1+ 27. Rxe1 Rxf4 28. Qxa5 Nd7 29. Qc3 Ne5 30. Rxe5 dxe5 31. Qxe5 Rb4 32. g3 Qd6 33. Qe8+ Kg7 34. Qe3 Rb8 35. Kf2 Kg8 36. Qf4 Re8 37. Qxd6 cxd6 38. Be2 Kg7 39. a4 Kf6 40. a5 Ke5 41. a6 Kd4 42. Bb5 Ra8 43. Kf3 Ra7 44. Kf4 f6 45. Bc4 Kc3 46. Bd3 Kd4 47. Bc4 Re7 48. h4 Re4+ 49. Kf3 Re7 50. Kf4 Kc3 51. Bd3 Kd4 52. Bc4 Rg7 53. Kf3 Kc3 54. Bd3 Kd4 55. Bc4 g5 56. hxg5 fxg5 57. Kg4 Ke4 58. Kh5 g4 59. Kh6 Ra7 60. Kg5 Kf3 61. Kh4 h6 62. c3 Re7 63. Bb5 Ra7 64. Bc4 Re7 65. Bb5 Ra7 66. Bc4 Re7 67. Bb5 1/2-1/2